00518nam a22001577a 450000500170000001000170001702000260003403500170006003700240007708200160010110000260011724501030014326000360024627000560028230000220033820120120123538.0 aB-445580-586 a9788125023890c795.00 aB-445580-586 adplbAllied Pub/Ven a363.8095452 aChakrabarti, Malabika aThe Famine of 1896-1897 in Bengal Availability or Entitlement Crisis ? /cby Malabika, Chakrabarti aHyderabadbOrient Longmanc2004 a3-6-752 HimayatnagarbHyderbade500029 (A.P.) India ax,541p.c21cm(Hb)